แสดงรายละเอียดบรรณานุกรม
  กลับหน้าหลัก

Brief Record : Get Marc (ISO 2709) : E-mail record : QR code ปิดหน้าต่าง
กายวิภาคศาสตร์และนิติมานุษยวิทยาของกระดูกมนุษย์= Anatomy and forensic anthropology of the human bone Review โดย
ใช้งานได้ทุกระบบ
ห้องสมุด วพบ.ขอนแก่น
ใช้งานได้ทุกระบบ เมื่อ19/เมษายน/2559
สารบัญ
  • บทที่ 1 Overview of skeletal system
  • บทที่ 2 Skull
  • บทที่ 3 Thoracic cage
  • บทที่ 4 Vertebral column
  • บทที่ 5 Clavicle
  • บทที่ 6 Scapula
  • บทที่ 7 Humerus
  • บทที่ 8 Radius
  • บทที่ 9 Ulna
  • บทที่ 10 Carpal Bone
  • บทที่ 11 Metacarpal Bone
  • บทที่ 12 Phalanges ของมือ
  • บทที่ 13 Pelvic bone
  • บทที่ 14 Femur และ Patella
  • บทที่ 15 Tibia
  • บทที่ 16 Fibula
  • บทที่ 17 Tarsal Bone
  • บทที่ 18 Metatarsal Bone
  • บทที่ 19 Phalanges ของเท้า
  • บทที่ 20 Forensic osteology
  • บทที่ 21 วิธีการทำและการดูแลรักษากระดูก

E-books : เกี่ยวกับ Collections
LEADER 00000nam 2200000uu 4500
001    209741
003     ULIBM
008    140506s2556||||th 000 0 tha d
020    ^a9789746727822
041 0  ^atha^beng
060  4 ^aQS4 ก435 2556
245 00 ^aกายวิภาคศาสตร์และนิติมานุษยวิทยาของกระดูกมนุษย์=^bAnatomy and forensic anthropology of the human bone/^cบรรณาธิการ,ผาสุก มหรรฆานุเคราะห์.
246 31 ^aAnatomy and forensic anthropology of the human bone
250    ^aพิมพ์ครั้งที่ 2
260    ^aเชียงใหม่ : ^bคณะแพทยศาสตร์ มหาวิทยาลัยเชียงใหม่,^c2556.
300    ^a220 หน้า ;^bภาพประกอบ.
650  0 ^aAnatomy
650  0 ^aForensic anthropology
650  4 ^aกายวิภาคศาสตร์
650  4 ^aสรีรวิทยา
700 0  ^aผาสุก มหรรฆานุเคราะห์,^eบรรณาธิการ
710 2  ^aมหาวิทยาลัยเชียงใหม่. คณะแพทยศาสตร์
999    ^aใช้งานได้ทุกระบบ
รายการนี้ยังไม่มีแท็ก
คุณยังไม่ได้ล็อกอิน คุณสามารถมีกิจกรรมร่วมกับเว็บไซต์ได้ แต่ต้องล็อกอินก่อน ::
  ล็อกอิน
ลำดับที่ ประเภท เลขเรียก สถานที่ สถานะ
1. วิทยาศาสตร์สุขภาพ
วิทยาศาสตร์สุขภาพ
สถานะ=หนังสือเก่า - บริการ ณ ห้องสมุด (ห้องเหลือง)
QS4 ก435 2556  
  
วิทยาศาสตร์สุขภาพ On Shelf
  ขอยืม
Note:ปีงบประมาณ 2557
2. วิทยาศาสตร์สุขภาพ
วิทยาศาสตร์สุขภาพ
สถานะ=หนังสือเก่า - บริการ ณ ห้องสมุด (ห้องเหลือง)
QS4 ก435 2556 ฉ.2 
  
วิทยาศาสตร์สุขภาพ On Shelf
  ขอยืม
Note:ปีงบประมาณ 2557
3. วิทยาศาสตร์สุขภาพ
วิทยาศาสตร์สุขภาพ
สถานะ=หนังสือเก่า - บริการ ณ ห้องสมุด (ห้องเหลือง)
QS4 ก435 2556 ฉ.3 
  
วิทยาศาสตร์สุขภาพ On Shelf
  ขอยืม
Note:ปีงบประมาณ 2557
4. วิทยาศาสตร์สุขภาพ
วิทยาศาสตร์สุขภาพ
สถานะ=หนังสือเก่า - บริการ ณ ห้องสมุด (ห้องเหลือง)
QS4 ก435 2556 ฉ.4 
  
วิทยาศาสตร์สุขภาพ On Shelf
  ขอยืม
Note:ปีงบประมาณ 2557
5. วิทยาศาสตร์สุขภาพ
วิทยาศาสตร์สุขภาพ
สถานะ=หนังสือเก่า - บริการ ณ ห้องสมุด (ห้องเหลือง)
QS4 ก435 2556 ฉ.5 
  
วิทยาศาสตร์สุขภาพ On Shelf
  ขอยืม
Note:ปีงบประมาณ 2557
   [แสดง 5/5 รายการ]

รายการใกล้เคียง
    หัวเรื่อง [Anatomy]
    หัวเรื่อง [กายวิภาคศาสตร์]
    หัวเรื่อง [สรีรวิทยา]

BibComment


ยังไม่เคยถูกคอมเมนท์

คอมเมนท์ทรัพยากรรายการนี้
  คอมเมนท์: กายวิภาคศาสตร์แล..
Bib 209741

 
 
 

 Union Library Management : ULibM
Copyright 2026. All Rights Reserved.
скачать бесплатно без регистрации порно красивый секс HD Sex Hindi sex

xxx gou

xxxx

bfxxx

xxxwww

Секса Видео

xxxx

Секса Видео

detube

geilexxx

C99 Shell

worms shell

blod xxx video
Ebony Coed Rihanna Rimes Takes A Dick In Her Young Twat priyaa indian fuck anal and pusssy hardcore indian women xxx desi hardcore fucking part 1 bengalixxxcouple